| 000 | 00745nam a2200229 i 4500 | ||
|---|---|---|---|
| 001 | bgj | ||
| 100 | 1 |
_aWEDGWOOD, Cicely Veronica _d(1910-1997) |
|
| 245 | 1 | 0 |
_aDer Dreissigjährige Krieg / _cC. V. Wedgwood ; bibliographische Note von Prof. Dr. Dieter Albrecht. |
| 260 |
_aMünchen : _bPaul List Verlag, _cc. 1967. |
||
| 300 |
_a517 S. : _bLandkarte ; _c21 cm. |
||
| 504 | _aAnmerkungen S. 459-504. | ||
| 504 | _aBibliographie S. 509-510. | ||
| 505 | _aRegister. | ||
| 650 | 9 | _aDreissigjährige Krieg, 1618-1648 | |
| 651 | 9 |
_aEuropa _xGeschichte, 1517-1648 |
|
| 651 | 9 |
_aDeutschland _xGeschichte, 1618-1648 |
|
| 700 | 1 | _aALBRECHT, Dieter. | |
| 040 | _cBPK | ||
| 041 | 0 | _ager | |
| 942 | _cKS | ||
| 008 | s gw f |000 0 ger | ||
| 999 |
_c50669 _d50669 |
||
| 856 |
_uhttp://koha.tu.koszalin.pl/cgi-bin/koha/opac-detail.pl?biblionumber=50669 _yKatalog online BPK |
||